| 000 | 00905cam a22003134a 4500 | ||
|---|---|---|---|
| 999 |
_c35465 _d35465 |
||
| 001 | 000494467 | ||
| 003 | AR-BaBN | ||
| 005 | 20260303122338.0 | ||
| 007 | ta | ||
| 008 | 260303s1991 ag d gr 001 0 spa d | ||
| 015 | _aAR-1991 | ||
| 020 | _a9509947032 | ||
| 040 |
_aSIUNPA _bspa _cSIUNPA _eAACR2 |
||
| 041 | _aspa | ||
| 043 | _as-ag--- | ||
| 044 |
_aag _car-c |
||
| 080 | 1 | _a331.105.44 F811c | |
| 100 | 1 |
_aFraga, Rosendo, _d1952- _eautor |
|
| 245 | 1 | 3 |
_aLa cuestión sindical / _cRosendo Fraga ; con la colaboración de Valeria Leslie |
| 250 | _a1a. ed. | ||
| 260 |
_aBuenos Aires : _bCentro de Estudios Unión para la Nueva Mayoría, _c1991 |
||
| 300 |
_a176 p. : _bdiagrs. |
||
| 490 |
_a(Colección análisis político ; _v6) |
||
| 650 | _aSINDICATO | ||
| 650 | _aCONFLICTOS SOCIALES | ||
| 650 | _aMOVIMIENTO OBRERO | ||
| 700 |
_aLeslie, Valeria _econ la colab. de |
||
| 942 |
_2udc _cBK |
||